01741nas a2200205 4545000010006000000050017000060080037000230030015000600400040000750800153001152450094002680220014003622640051003763100884004271000040013116500027013516500032013786500013014108560112014232422420260407193506.0260407s1973####ag###########|||spa#dAR-UNSa-BCEJYS aAR-UNSa-BCEJYSbspacAR-UNSa-BCEJYS a338xSituación económica. Política económica. Gestión de la economía. Planificación de la economía. Producción. Servicios. Precios10aBoletín semanal del Ministerio de EconomíapSíntesis de informaciones y comentarios a0325-383X 1aBuenos Aires :bMinisterio de Economíac1973 aFrecuencia: Semanal Editor Varía: Argentina. Ministerio de Economía. Secretaría de Estado de Programación y Coordinación Económica. Subsecretaría de Coordinación de Información Económica, oct. 1973-feb. 1978 Argentina. Ministerio de Economía. Secretaría de Estado de Programación y Coordinación Económica. Subsecretaría de Coordinación, feb. 1978-jun.1979 Argentina. Ministerio de Economía. Secretaría de Estado de Programación y Coordinación Económica, jun. 1979-abr.1981 Argentina. Ministerio de Economía Hacienda y Finanzas, abr. 1981-dic.1981 Argentina. Ministerio de Economía, ene. 1982-dic. 1983 Título varía: Boletín Semanal del Ministerio de Economía, 1973-1980. Boletín Semanal de Economía, 1981-1983 Numeración varía: sin volumen hasta 1982 Suplemento: Orientación para el Consumidor, dic. 1978-mayo19811 aArgentina. Ministerio de Economía aADMINISTRACION PUBLICA aInvestigación económica aECONOMIA41uhttps://biblioeco.unsa.edu.ar/pmb/images/revistas/Ministerio de Economia.jpgyImagen de portadaqimage/jpeg